Bernhard (Record no. 953)

MARC details
000 -CABECERA
campo de control de longitud fija 00665nam a2200169 a 4500
001 - NÚMERO DE CONTROL
campo de control BRCA_1074
005 - FECHA Y HORA DE LA ÚLTIMA TRANSACCIÓN
campo de control 20190320203252.0
008 - DATOS DE LONGITUD FIJA--INFORMACIÓN GENERAL
campo de control de longitud fija 220508m19992003gw-a---###---#000-0#ger-#
050 #4 - SIGNATURA TOPOGRÁFICA DE LA BIBLIOTECA DEL CONGRESO
Número de clasificación NC1807.A5
Número de documento/Ítem .B46 1999
245 10 - MENCIÓN DE TÍTULO
Título Bernhard
Resto del título Werbung und Design im Aufbruch [Bern Hard : publicidad y diseño en los albores del siglo XX.
260 ## - PUBLICACIÓN, DISTRIBUCIÓN, ETC.
Lugar de publicación, distribución, etc. Stuttgart, Alemania
Nombre del editor, distribuidor, etc. Institut für Auslandsbeziehungen
Fecha de publicación, distribución, etc. 1999
300 ## - DESCRIPCIÓN FÍSICA
Extensión 174 p.
Otras características físicas il. a color
Dimensiones 31 cm.
Material acompañante/anejo 1 folleto con resumen en español
600 14 - PUNTO DE ACCESO ADICIONAL DE MATERIA--NOMBRE DE PERSONA
Nombre de persona Bernhard, Lucian
Fechas asociadas al nombre 1883-
Subdivisión de forma Exposiciones
9 (RLIN) 3538
650 14 - PUNTO DE ACCESO ADICIONAL DE MATERIA--TÉRMINO DE MATERIA
Término de materia o nombre geográfico como elemento de entrada Carteles
Subdivisión general Diseño
Subdivisión cronológica Siglo XX
Subdivisión geográfica Alemania
9 (RLIN) 3539
650 14 - PUNTO DE ACCESO ADICIONAL DE MATERIA--TÉRMINO DE MATERIA
Término de materia o nombre geográfico como elemento de entrada Diseño gráfico y publicitario
9 (RLIN) 3540
942 ## - ELEMENTOS DE PUNTO DE ACCESO ADICIONAL (KOHA)
Fuente del sistema de clasificación o colocación Library of Congress Classification
Tipo de ítem Koha Libros
Holdings
Estado de retiro Estado de pérdida Estado dañado No para préstamo Localización permanente Ubicación/localización actual Fecha de adquisición Total de préstamos Signatura topográfica completa Código de barras Fecha visto por última vez Precio válido a partir de Tipo de ítem Koha
El ejemplar forma parte de la colección y puede ser consultado según las políticas vigentes.       Biblioteca del Museo Franz Mayer (Rogerio Casas-Alatriste) Biblioteca del Museo Franz Mayer (Rogerio Casas-Alatriste) 26/06/2008   NC1807.A5 .B46 1999 01560 22/03/2019 22/03/2019 Libros